| 000 | 00610nam a2200181Ia 4500 | ||
|---|---|---|---|
| 008 | 210428s9999 xx 000 0 und d | ||
| 020 | _a1563470586 | ||
| 082 |
_a660.04 _bD9972D |
||
| 100 |
_aA. L. Kuhl _952162 |
||
| 245 | 0 |
_aDynamics of heterogeneous combustion and reacting systems / _cA. L. Kuhl |
|
| 260 |
_bAmerican Institute of Aeronautics and astronautics _aWashington DC _c1993 |
||
| 300 | _a442p | ||
| 440 |
_aProgress in astronautics and aeronautics V-152 _9127135 |
||
| 700 |
_aJ. C. Leyer _9127136 |
||
| 700 |
_aA. A. Borisov _9127137 |
||
| 700 |
_aW. A. Sirignano _9127138 |
||
| 942 |
_cBK _2ddc |
||
| 999 |
_c559928 _d559928 |
||